| 000 | 00695nam a2200229 c 4500 | ||
|---|---|---|---|
| 001 | 000030709 | ||
| 003 | RuMoIPM | ||
| 005 | 20260602112148.0 | ||
| 008 | 191002s1972 ru a||||||||||||||||rus d | ||
| 035 | _a(RuMoBEN) 001764166 | ||
| 035 | _a(RuMoBEN-CBP Bibliobus) 120424 | ||
| 040 |
_aRuMoBEN _brus _ercr |
||
| 041 | _arus | ||
| 044 | _aru | ||
| 080 | _a511.2(075.8) | ||
| 100 | 1 | _aВиноградов, Иван Матвеевич | |
| 245 | 0 | 0 |
_aОсновы теории чисел _b[учебное пособие для ун-тов] _cИ. М. Виноградов |
| 250 | _a8-е изд., испр. | ||
| 260 |
_aМосква _bНаука _c1972 |
||
| 300 | _a167 с. | ||
| 942 | _cBK | ||
| 999 |
_c30709 _d30709 |
||